00460nam a2200121Ia 4500008004100000245014400041260003900185260000900224300000700233650002600240650001200266856006000278170516s9999 xx 000 0 und d aRarity in conspicuity—Ultrasound diagnosis of sliding left inguinal hernia through canal of Nuck with uterus, fallopian tubes and ovaries bEuropean Journal of Radiology Open c2016 a3: xRadiologic Technology xRadtech uhttp://www.sciencedirect.com/science/journal/23520477/3